Guía sonora de las aves de vista de nieve y San Lorenzo, Sierra Nevada de Santa Marta - Colombia / (Registro nro. 5651)

Detalles MARC
000 -CABECERA
Campo de control 01088nim a2200241 a 4500
005 - FECHA Y HORA DE LA ULTIMA TRANSACCION
Campo de control 20170215115212.0
008 - ELEMENTOS DE LONGITUD FIJA—INFORMACION GENERAL
Campo de control 140127b2005 ck ||d||q|||| 00| 0 spa d
020 ## - ISBN
ISBN 9588151589
040 ## - FUENTE DE CATALOGACIÓN
Agencia catalogadora original CO-BoIAVH
Agencia transcriptora CO-BoIAVH
041 ## - IDIOMA
Código de idioma para texto/pista de sonido o título separado Español
090 ## - CLASIFICACIÓN LOCAL
Colección S-
Consecutivo 0002
100 1# - ASIENTO PRINCIPAL--NOMBRE PERSONAL
Nombre personal Strewe, Ralf
Fechas asociadas con el nombre autor
245 1# - MENCION DE TITULO
Título Guía sonora de las aves de vista de nieve y San Lorenzo, Sierra Nevada de Santa Marta - Colombia /
Mención de responsabilidad Ralf Strewe, Mauricio Álvarez Rebolledo y David Felipe Mejía Giraldo
257 ## - PAIS DE LA ENTIDAD PRODUCTORA DE FILMES DE ARCHIVO
País de la entidad productora Colombia
264 ## - Producción, Publicación, Distribución, Fabricación y Aviso de copyright
Lugar de producción, publicación, etc Bogotá:
Nombre del productor, editor, etc. Instotuto de Investigación de Recursos Biológicos Alexander von Humboldt. Colección de Sonidos Ambientales,
Fecha de la producción, publicación, etc. [s.f.]
300 1# - DESCRIPCION FISICA
Extensión 1 DVD
Otros detalles físicos 56 sonidos de aves
650 #4 - ASIENTO SECUNDARIO DE MATERIA - TERMINO TEMATICO
Término temático o nombre geográfico como elemento de entrada Cantos de aves
Subdivisión de forma Sonidos
Subdivisión geográfica Sierra Nevada de Santa Marta (Colombia, Magdalena)
650 #4 - ASIENTO SECUNDARIO DE MATERIA - TERMINO TEMATICO
Término temático o nombre geográfico como elemento de entrada Aves
Subdivisión de forma Sonidos
Subdivisión general Canto
Subdivisión geográfica Sierra Nevada de Santa Marta (Colombia, Magdalena)
651 #4 - ASIENTO SECUNDARIO DE MATERIA - NOMBRE GEOGRAFICO
Nombre geográfico Colombia
Subdivisión cronológica Santa Marta
Subdivisión geográfica Sierra Nevada de Santa Marta
700 1# - ASIENTO SECUNDARIO - NOMBRE PERSONAL
Nombre personal Álvarez Rebolledo, Mauricio
700 1# - ASIENTO SECUNDARIO - NOMBRE PERSONAL
Nombre personal Mejía-Giraldo, David Felipe
942 ## - ELEMENTOS ADICIONALES (KOHA)
Sistema de clasificación Local
Tipo de ítem DVD
Koha issues (borrowed), all copies 3
Existencias
Withdrawn status Lost status Sistema de Clasificación Damaged status No para préstamo Colección Ubicación Permanente Ubicación actual Fecha de adquisición Fuente de adquisición Total Checkouts Número topográfico Inventario / Código de Barras Date last seen Ejemplar Price effective from Tipo de material Forma de adquisición Date checked out
    Local   No para Préstamo Audiovisual Bogotá Bogotá 27/06/2007 Alvarez, Mauricio   S-0002 024616 04/12/2012 Ej. 2 04/12/2012 DVD Institucional  
    Local     Audiovisual Bogotá Bogotá 27/06/2007 Alvarez, Mauricio 1 S-0002 024617 26/08/2015 Ej. 1 04/12/2012 DVD Institucional 26/08/2015
    Local   No para Préstamo Audiovisual Bogotá Bogotá 27/06/2007 Alvarez, Mauricio   S-0002 024618 04/12/2012 Ej. 4 04/12/2012 DVD Institucional  
    Local   No para Préstamo Audiovisual Bogotá Bogotá 25/08/2015 Institucional 2 S-0002 039187 06/02/2017 Ej. 3 25/08/2015 DVD Institucional 30/01/2017
    Local   No para Préstamo Audiovisual Bogotá Bogotá 15/02/2017     S-0002 058822 15/02/2017 Ej. 6 15/02/2017 DVD Institucional  
    Local     Audiovisual Villa de Leyva Villa de Leyva 27/06/2007 Alvarez, Mauricio   IAVH-00707 024615 04/12/2012 Ej. 5 04/12/2012 CD-ROM